| 000 | 00753nam a2200265 a 4500 | ||
|---|---|---|---|
| 001 | 32945 | ||
| 003 | AR-BaAGN | ||
| 005 | 20231116150551.0 | ||
| 007 | ta | ||
| 008 | 220625s2004 xx |||||r|||| ||||||spa d | ||
| 020 | _a987-1171-04-8 | ||
| 040 |
_dAR-BaAGN _aAR-BaAGN _bspa _eaacr |
||
| 100 | 1 | _aSantarelli, Silvia | |
| 245 | 1 | 0 |
_aReligión, migraciones y paisaje : _blos menonitas en Guatrache : una visión desde la geografía |
| 250 | _a1ª ed. | ||
| 260 |
_a[Lugar de publicación no identificado] : _bUniversidad Nacional del Sur, _c2004. |
||
| 300 | _a233 páginas | ||
| 336 |
_2rdacontent _btxt |
||
| 337 |
_2rdamedia _bn |
||
| 338 |
_2rdacarrier _bnc |
||
| 942 | _cLIBRO | ||
| 999 |
_c32945 _d32945 |
||